Países com a gasolina mais barata - Statistics

Estatísticas Gerais
  • Esse quiz foi jogado 28 vezes
  • A pontuação média é 11 de 20
Estatísticas das Respostas
Preço* Países % Correto
0,621 Arábia Saudita
92%
0,035 Venezuela
88%
0,549 Catar
85%
0,029 Irã
81%
0,649 Iraque
77%
0,385 Egito
73%
0,622 Omã
69%
0,343 Kuwait
65%
0,531 Bahrein
58%
0,327 Angola
54%
0,353 Argélia
54%
0,028 Líbia
50%
0,545 Nigéria
50%
0,465 Cazaquistão
46%
0,695 Equador
46%
0,427 Turcomenistão
38%
0,647 Azerbaijão
27%
0,541 Bolívia
27%
0,483 Malásia
27%
0,685 Butão
15%
Nenhum quiz correspondente encontrado
Distribuição das Pontuações
Porcentagem de Pessoas com Cada Pontuação
Percentil de Números Respondidos
Sua Pontuação Histórica
Você não jogou esse quiz